000 00926nam a22002657a 4500
001 BR8700701
003 BR-BrBNA
005 20230928092345.0
007 ta
008 230509b bl.||||| |||| 00| 0 por d
040 _aBR-BrBNA
_bpor
_cBiblioteca Nacional de Agricultura
041 _a(Por)
072 _aE11
_b/G514
090 _ E11 BR8700701
100 1 _aBrandao, I.S.P.
110 1 _aAssociacao de Credito e Assistencia Rural de Santa Catarina, Florianopolis (Brasil). Coordenacao de Credito Rural
_9433
245 1 _aOrcamentos de aplicacao em credito rural [Santa Catarina, Brasil]
260 3 _aFlorianopolis, SC (Brasil):
_c1969.
300 _avp.
500 _a[ca. 12]p. (*) Documento disponível na(o) Associacao de Credito e Assistencia Rural de Santa Catarina, Florianopolis (Brazil)
650 _aCREDITO RURAL
650 _aSANTA CATARINA
909 _a202309
_bLucia
_c55
_dLucia Elande
942 _cBK
999 _c38542
_d38542